000 00399nam a2200145Ia 4500
008 100415s9999 xx 000 0 und d
082 _b12021
_a598.2(545)
100 _aShahar S.Dilbag Singh Nawan
245 _aA Checklist of Birds of Punjab
260 _aCHANDIGARH
_c0
365 _b0
630 _aA Checklist of Birds of Punjab
730 _aA Checklist of Birds of Punjab
942 _cBOOK
999 _c594938
_d594935